| 000 | 01000cam a2200253 a 4500 | ||
|---|---|---|---|
| 001 | 2448 | ||
| 003 | BD-RjUL | ||
| 005 | 20211208233544.0 | ||
| 008 | 131211s1980 bg af b 100 0 eng | ||
| 035 | _a(BD-RjUL)2475 | ||
| 040 |
_aDLC _cDLC _dDLC _d(BD-RjUL) _beng |
||
| 041 | _aeng | ||
| 082 | 0 | 0 |
_a297.19785 _219 |
| 111 | 2 |
_aSeminar on Islamic Economics _d(1979 : _cDhaka, Bangladesh) _97940 |
|
| 245 | 1 | 0 |
_aThoughts on Islamic economics : _barticles presented at the Seminar on Islamic Economics held under the auspices of Islamic Economics Research Bureau on July 3, 4 & 5, 1979 at Teachers' Students' Centre, University of Dacca & at Bangladesh Atomic Energy Centre Auditorium / |
| 250 | _a1st ed. | ||
| 260 |
_aDacca : _bThe Bureau, _c1980. |
||
| 300 |
_axvi, 346 p., [1] leaf of plates : _bill. ; _c23 cm. |
||
| 504 | _aIncludes bibliographical references. | ||
| 650 | 0 |
_aIslam _xEconomic aspects _xCongresses. _97931 |
|
| 942 |
_2ddc _cBK |
||
| 999 |
_c2448 _d2448 |
||